000 00424nam a2200169Ia 4500
003 GCL
008 140319s9999 xx 000 0 eng d
040 _aGCL /
_cGCL
082 0 4 _a720.9498
_bG A
100 1 _aGUSTI, GUSTAIR
245 1 0 _aARCHITECTURE IN ROMANIA /
_cGUSTI, GUSTAIR
260 _a[S.N] :
_bEDITURA MERIDIANE ،
_c1965
650 0 4 _aARTS
650 0 4 _aARCHITECTURE
650 0 4 _aRUMANIA
942 _2ddc
_cBK
999 _c19391
_d19391